000 01151nam a2200301 i 4500
001 13559
003 KOSZ 005
005 20191017092954.0
008 071117s1971 pl a f 001 0 pol
015 _aPB 1971/3645
035 _a(OCoLC)297524542
040 _aWA N
_cWA N
_dKOSZ 005/KK
080 _a528:519
100 1 _aHausbrandt, Stefan
_d(1896-1971).
_eAutor
245 1 0 _aRachunek wyrównawczy i obliczenia geodezyjne.
_nT. 2 /
_cStefan Hausbrandt.
260 _aWarszawa :
_bPaństwowe Przedsiębiorstwo Wydawnictw Kartograficznych,
_c1971.
300 _aS. 617-1182 stron, [1] karta tablice :
_bilustracje ;
_c23 cm.
336 _2rdacontent
_aTekst
_btxt
337 _2rdamedia
_aBez urządzenia pośredniczącego
_bn
338 _2rdacarrier
_aWolumin
_bnc
380 _aKsiążki.
504 _aBibliografia na stronach 1166-1178. Indeks.
658 _aMatematyka
658 _aGeografia i nauki o Ziemi
710 2 _aPaństwowe Przedsiębiorstwo Wydawnictw Kartograficznych
_4pbl.
856 _uhttp://koha.tu.koszalin.pl/cgi-bin/koha/opac-detail.pl?biblionumber=13559
_yKatalog online BPK
942 _2UKD
_cKS
999 _c13559
_d13559